| 000 | 01002nam a2200229Ia 4500 | ||
|---|---|---|---|
| 001 | L250-16257 | ||
| 003 | IT-CnALBA | ||
| 008 | 170116s9999||||xx |||||||||||||| ||und|| | ||
| 040 |
_aIT-CnALBA _cIT-CnALBA |
||
| 041 | _aITALIANO | ||
| 100 | _aPAVISSICH ANTONIO, SJ. | ||
| 245 | 0 | _aAGITIAMO! AZIONE CATTOLICA E AZIONE SOCIALE. FATTI E CRITERI SOCIALI. | |
| 250 | _a1a ed. | ||
| 260 |
_aROMA TREVISO PARMA _bBUFFETTI LUIGI EDITORE _c1903 [1° Ed.:1903 - Ed.Ling.Originale: 1903] |
||
| 300 | _a60 p. (prefazione: 5) | ||
| 500 | _aPERICOLI E RIMEDI. ENIGMA E SOLUZIONI. AZIONE E DISCUSSIONE. UNIVERSALITÀ DELL'AZIONE. ENERGIA. POPOLARITA'. DETERMINATEZZA. | ||
| 501 | _aSocietà San Paolo EM - Piazza San Paolo, 14 - 12051 ALBA (CN) (non commercial uses only) ® Copyright 2017 | ||
| 520 | _aPERICOLI E RIMEDI. ENIGMA E SOLUZIONI. AZIONE E DISCUSSIONE. UNIVERSALITÀ DELL'AZIONE. ENERGIA. POPOLARITA'. DETERMINATEZZA. | ||
| 650 | _aTEOLOGIA PASTORALE | ||
| 942 | _cBK | ||
| 957 | _71 | ||
| 999 |
_a21005 _bSI _g Copie: 1 _c275419 _d275419 |
||